Eurípides y su época /

Guardat en:
Dades bibliogràfiques
Autor principal: Murray, Gilbert (autor)
Altres autors: Reyes, Alfonso (traducción) (traducción)
Format: Llibre
Idioma:espanyol
Publicat: México : Fondo de Cultura Económica, 1949, c1949
Col·lecció:(Breviarios ; 7)
Matèries:
Etiquetes: Afegir etiqueta
Sense etiquetes, Sigues el primer a etiquetar aquest registre!

MARC

LEADER 00000nam^a2200000^a^4500
001 000138060
005 20250521000000.0
009 20260310095415.092
037 |a Acervo ITESO - Biblioteca 
041 |a ESP 
082 |a 082.  |b BRE V. 7 
100 |a Murray, Gilbert  |e (autor) 
240 1 1 |a [Eurípides y su época] 
245 1 0 |a Eurípides y su época /  |c G. Murray ; tr. por A. Reyes. 
264 4 |a México :  |b Fondo de Cultura Económica,  |c 1949, c1949 
300 |a 169 p. 
336 |a texto  |b txt  |2 rdacontenido 
337 |a sin mediación  |b n  |2 rdamedio 
338 |a volumen  |b nc  |2 rdasoporte 
440 1 |a (Breviarios ;  |v 7) 
500 |a Traducción de: Euripides and his Age 
649 |a XX 
650 |a Escritores Griegos -  |x Biografías 
650 |a Tragedia Griega -  |x Historia y Crítica -  |x Tema Principal 
650 |a Tragedia Clásica -  |x Historia y Crítica 
650 |a Literatura Griega -  |x Historia y Crítica 
650 |a Literatura Clásica -  |x Historia y Crítica 
650 |a Grecia -  |x Historia -  |y Supremacía Ateniense, 479-431 a.C. 
650 |a Grecia -  |x Historia -  |y Guerra del Peloponeso, 431-404 a.C 
650 |a Grecia -  |x Historia -  |y Período Clásico, 479-323 a.C 
650 |a Eurípides -  |x Tema Principal 
700 |a Reyes, Alfonso  |e (traducción) 
910 |a Fondo Salvador Reynoso Reynoso 
920 |a Impresos - Libros 
930 |a Fondos Especiales 
905 |a 112 
901 |a 0800014632  |b IT2  |c ESP  |u 20250521 
902 |a https://opac.biblio.iteso.mx/vufind/Record/000138060